| 000 | 01102nam0a2200277 4500 | ||
|---|---|---|---|
| 001 | RU\NLR\bibl\1410876 | ||
| 005 | 20260406155858.0 | ||
| 010 |
_a978-5-17-058167-2 _bАСТ |
||
| 010 |
_a978-5-8123-0463-8 _bСЛОВО _97000 |
||
| 021 |
_aRU _b2009-52454 _93227 |
||
| 035 | _a(NLR Aleph) 001402856 | ||
| 090 |
_a1233476 _c1233476 |
||
| 100 | _a20090911d2009 |||y0rusy50 ca | ||
| 101 | 0 | _arus | |
| 102 | _aRU | ||
| 105 | _aa zzzz||||| | ||
| 200 | 1 |
_aШкола вежливости для маленьких хозяев _e[книга для чтения родителями детям] _fГ. П. Шалаева _g[стихи Г.П. Шалаевой, Н. Ивановой _gхудож.: Н. Новочихина и др.] |
|
| 210 |
_aМосква _cАСТ _cСЛОВО _d2009 |
||
| 215 |
_a63 с. _cцв. ил. _d22 |
||
| 700 | 1 |
_4070 _7ca _8rus _aШалаева _bГ. П. _f1952- _gГалина Петровна _9117893 _3RU\NLR\auth\777972 |
|
| 702 | 1 |
_aНовочихина _bН. _4040 |
|
| 801 | 0 |
_aRU _bNLR _c20090911 _gRCR |
|
| 801 | 1 |
_aRU _bNLR _c20090911 |
|
| 942 | _cBOOK | ||
| 980 | _aNB | ||